Word Ladder: A New Hope Quiz Stats

 Plays Quiz Updated Sep 28, 2018

Score 0/35 Timer 03:00
2 Plays Today
Clue 4-Letter Word % Correct
●Jabba the ____●HUTT●
94.3%
To pursue and killHUNT
93.9%
●Han ____●SOLO●
93%
Opposite of lessMORE
92.6%
The red planetMARS
92.5%
Bottom surface of a shoeSOLE
91.7%
Female horseMARE
91.4%
James, the UK spyBOND
90%
Sensitive to the touchSORE
88.6%
Actor Connery of 'The Untouchables'SEAN
88%
Pinto or Lima, e.g.BEAN
87.7%
EmailedSENT
86.5%
Darken, like a fontBOLD
86.5%
Homer's sonBART
86%
Chair or pew, e.g.SEAT
85.5%
Ernie's roommateBERT
85.4%
Cook the outside of meatSEAR
85%
●Death ____●STAR●
84.8%
Clue 4-Letter Word % Correct
A type of tieBOLO
84.5%
Swiss capitalBERN
83.9%
AngledBENT
82.9%
First name of comedy's LaurelSTAN
81.7%
Sour to tasteTART
77.9%
Former West Germany capitalBONN
75.3%
NéeBORN
75%
●Luke's uncle: Owen ____●LARS●
71.8%
A large piece of somethingHUNK
71.3%
U.S. President after Teddy RooseveltTAFT
69.9%
SongbirdLARK
69.3%
A clump of hairTUFT
61.2%
Long and slenderLANK
61%
A stupid personLUNK
58.4%
Winter hand warmerMUFF
50.8%
Porous volcanic rockTUFF
46.8%
●Grand ____ Tarkin●●MOFF●
38.1%

Today's Daily Dose

Missing Word
Banned Books (A-Z)

Word Ladder
Janis Joplin

Get the Picture
Occupations

You're not logged in!

Compare scores with friends on all Sporcle quizzes.
OR
Log In

Sporcle TV

Today on Sporcle TV


Watch our educational content, quiz creation guides, and fun videos on Sporcle TV.

Show Comments

Extras

Top Quizzes Today


Score Distribution

Your Account Isn't Verified!

In order to create a playlist on Sporcle, you need to verify the email address you used during registration. Go to your Sporcle Settings to finish the process.

Report this User

Report this user for behavior that violates our Community Guidelines.

Details: